000 01624cam a22002054a 4500
005 20250605163959.0
008 250528s ||||||||||||||||||||||||d
035 _a15573
020 _a9602860103
040 _aGR-AtMCL
_bgre
_dGR-AtMCL
_eAACR2
245 1 _aΕπεξεργασία Κειμένου και Δακτυλογραφία.
_nΑ' Τόμος
260 _bΈλλην,
_c1992
300 _a384
520 _aΟ Επεξεργαστής Κειμένου Quill, Εισαγωγή, Φύλαξη - Διόρθωση - Ανάκληση Εγγράφου, Δράση στο Κείμενο, Εκτύπωση Εγγράφου - Η Εντολή Print, Μορφοποίηση Σελίδας, Τύπος Γραφής, Στυλοποίηση - Ευθυγράμμιση Κειμένου, Διαμόρφωση Κειμένου, Διαμόρφωση Εκτυπούμενης Σελίδας, Περιπλάνηση στο Κείμενο, Διαχείριση Αρχείων Κειμένου, Αρχεία και MS-DOS, Τράπεζα Εγγράφων (Document Bank), Εκχώρηση Τιμών σε Πεδία Αρχείων Κειμένου, Αρχικές Συνθήκες - Βοήθεια, Διαμόρφωση Εκτυπωτή, Ελληνική Δακτυλογραφία, Εξοικείωση με το Πληκτρολόγιο, Χρήση των Λατινικών, Κείμενα με Υποσημειώσεις, Πληκτρολόγηση Βιβλιογραφίας.
700 1 _aΓλαμπεδακης Μ
_91526
700 1 _aΖωγραφάκης Ρ
_91527
942 _cBK
999 _c1143
_d1143